Statistiques concernant La connaissance du jeu au football

Cliquez ici pour prendre le quiz!

Statistiques générales

  • Ce quiz a été pris 11 fois
  • Le résultat moyen est 8 sur 20

Statistiques - réponses

QuestionRéponse% Correct
Quels sont les moyens de récupération individuelles ?duel / interception / marquage
73%
Quels sont les moyens de récupération collectives ?pressing /zone press / hors jeu
73%
Qu'est ce qui permet d'analyser le jeu, de décider vite et de jouer juste ?La lecture du jeu
64%
A quel terme appartient cette définition : "elle traduisent la réversibilité du jeu et la notion de rapport de force" ?Les phases de jeu
64%
A quoi correspond l'espace de jeu effectif ?l'occupation de l'espace d'une équipe à l'instant T
64%
Lors du traitement de l'information il est important de le faire mais dans quel ordre ?Quoi faire - Comment faire - Faire
64%
l'adversaire direct est le référent de quel type de défense ?défense individuelle
55%
Qu'est ce qui favorise la reconquête ?L'animation défensive
55%
Le ballon et l'adversaire sont les référents de quel type de défense ?défense mixte
36%
Qu'est ce qui favorise la progression ?L'animation offensive
36%
A quel terme appartient cette définition : "ils sont à la source de l'action, propriété invariable du jeu, ils guident les joueurs en dirigeant et en orientant leurs activités" ?Les principes de jeu
36%
De quoi dépend le rapport de force ?La possession du ballon on non
27%
Quelle est la somme de l'effectif + le temps + l'espace ?Le rapport de force
27%
Le ballon et son porteur sont les référents de quel type de défense ?défense en zone
18%
De quoi dépend l'animation du jeu ?des cinq
18%
Qu'est ce qui est une propriété invariable du jeu ?Les espaces de jeu
18%
A quel terme appartient cette définition : "moments défensifs ou offensifs de l'équipe en rapport avec la possession ou non du ballon" ?Les temps de jeu
18%
De quoi dépend la gestion du rapport de force ?Le traitement de l'information
18%
Quels sont les trois éléments clés à connaître dans la gestion du jeu ?Phase de jeu - principes de jeu - espace de jeu
18%
Donnez la bonne définition du FootballLe football se définit comme un affrontement collectif réglementé par les lois du jeu, qui oppose deux équipes dans un espace interpénétré, en vue de s'approcher d'un but protégé pour marquer
9%

Distribution des résultats

Percentile par nombre de réponses

% des personnes avec chaque résultat

Votre développement - résultats

Vous n’avez pas pris ce quiz